LEADER 01239nam a22002531i 4500 001 991003349469707536 005 20040624125546.0 008 040802s1859 fr |||||||||||||||||fre 035 $ab13061495-39ule_inst 035 $aARCHE-101410$9ExL 040 $aBiblioteca Interfacoltà$bita$cA.t.i. Arché s.c.r.l. Pandora Sicilia s.r.l. 082 04$a840.9 100 1 $aPiron, Alexis$d<1689-1773>$0451961 245 10$aOeuvres inédites de Piron :$bprose et vers : accompagnées de lettres également inédites adressées a Piron par MM.lles Quinault et de Bar : publiées sur les manuscrits autographes originaux, avec une introduction et des notes /$cpar Honoré Bonhomme 250 $aÉd. ornée de trois fac-simile 260 $aParis :$bPoulet-Malassis et de Broise,$c1859 300 $aXXVII, 413 p. ;$c19 cm 700 1 $aBonhomme, Honoré$eauthor$4http://id.loc.gov/vocabulary/relators/aut$0490181 907 $a.b13061495$b02-04-14$c05-08-04 912 $a991003349469707536 945 $aLE002 Fondo Giudici D 755$g1$i2002000245144$lle002$nC. 1$o-$pE0.00$q-$rn$so $t0$u0$v0$w0$x0$y.i13687499$z05-08-04 996 $aOeuvres inédites de Piron$91450028 997 $aUNISALENTO 998 $ale002$b05-08-04$cm$da $e-$ffre$gfr $h0$i1 LEADER 01112nam a2200289 i 4500 001 991000695969707536 005 20020509174233.0 008 960614s1991 it ||| | ita 020 $a8815029842 035 $ab11396611-39ule_inst 035 $aPARLA213518$9ExL 040 $aDip.to scienze storiche$bita 082 0 $a320.445 100 1 $aRuffilli, Roberto$0146132 245 13$aLe trasformazioni della democrazia :$bdalla Costituente alla progettazione delle riforme istituzionali /$cRoberto Ruffilli ; a cura di Maria Serena Piretti 260 $aBologna :$bil Mulino,$c1991 300 $a961 p.; 21 cm. 490 0 $aIstituzioni, societa, Stato ;$v3 651 4$aItalia - Governo 651 4$aItalia$xOrdinamento istituzionale 700 1 $aPiretti, Maria Serena 907 $a.b11396611$b01-03-17$c01-07-02 912 $a991000695969707536 945 $aLE009 STOR.69-201b$cV. 3$g1$i2009000027541$lle009$o-$pE0.00$q-$rl$s- $t0$u0$v0$w0$x0$y.i11582935$z01-07-02 996 $aTrasformazioni della democrazia$9817067 997 $aUNISALENTO 998 $ale009$b01-01-96$cm$da $e-$fita$git $h3$i1 LEADER 04017 am 2200745 n 450 001 9910330347903321 005 20190607 010 $a2-7535-6958-4 024 7 $a10.4000/books.pur.115649 035 $a(CKB)4100000008622488 035 $a(FrMaCLE)OB-pur-115649 035 $a(oapen)https://directory.doabooks.org/handle/20.500.12854/53868 035 $a(PPN)267962088 035 $a(EXLCZ)994100000008622488 100 $a20190708j|||||||| ||| 0 101 0 $afre 135 $auu||||||m|||| 181 $ctxt$2rdacontent 182 $cc$2rdamedia 183 $acr$2rdacarrier 200 13$aLe moment PRL $eLe Parti républicain de la liberté. 1946-1951 /$fChristine Manigand, Jérôme Pozzi, Sylvie Guillaume, Gilles Le Béguec, Jean-Paul Thomas, Sabrina Tricaud 210 $aRennes $cPresses universitaires de Rennes$d2019 215 $a1 online resource (202 p.) 311 $a2-7535-2834-9 330 $aLa brève histoire du Parti républicain de la liberté (PRL) demeure une histoire largement méconnue. Couvrant la période allant de l?hiver 1945-1946 à l?échéance décisive des élections législatives de 1951, c?est-à-dire les années correspondant en gros à la reconstruction du système des forces politiques organisées au lendemain des ruptures de 1939-1945, elle n?en constitue pas moins un moment important et particulièrement révélateur de l?histoire des droites dites parlementaires. Les fondateurs du PRL étaient animés par une vaste ambition, celle de doter la France d?une organisation fortement structurée, destinée à regrouper l?ensemble des forces situées à droite et au centre droit de l?échiquier politique. Cette formation se fixe comme objectif de se hisser au niveau d?un « quatrième parti », capable de faire pièce aux trois grands du tripartisme (PCF, SFIO, MRP) dominant la scène électorale et parlementaire depuis 1945. En dépit des espoirs suscités et d?un certain nombre de succès ponctuels, la tentative a débouché sur un échec, l?absorption, en 1951, par le Centre national des indépendants et paysans (CNIP) apposant un point final à l?entreprise. Mais le retour en grâce de la droite modérée qui a caractérisé la seconde moitié de la IVe République ne peut pas être compris si l?on ne prend pas en compte cet effort d?organisation, les causes multiples de son échec et les leçons qui ont été tirées de ce dernier. C?est ce qui est proposé d?examiner dans cet ouvrage de synthèse, prenant appui sur une documentation largement inédite. 517 $amoment PRL 606 $aHistory 606 $aparti politique 606 $aIVe République 606 $ahistoire politique 606 $aPNL 610 $aparti politique 610 $ahistoire politique 610 $aIVe République 610 $aPNL 615 4$aHistory 615 4$aparti politique 615 4$aIVe République 615 4$ahistoire politique 615 4$aPNL 700 $aBéguec$b Gilles Le$01314365 701 $aBernard$b Mathias$01294986 701 $aDulphy$b Anne$01284940 701 $aGuillaume$b Sylvie$01232977 701 $aManigand$b Christine$01296240 701 $aMarchi$b Michele$0479207 701 $aPozzi$b Jérôme$01286049 701 $aRichard$b Gilles$01283684 701 $aRoussellier$b Nicolas$0163813 701 $aThomas$b Jean-Paul$0375897 701 $aTricaud$b Sabrina$01283606 701 $aTristram$b Frédéric$0959614 701 $aTurpin$b Frédéric$01293556 701 $aVavasseur-Desperriers$b Jean$0305474 701 $aManigand$b Christine$01296240 701 $aPozzi$b Jérôme$01286049 701 $aGuillaume$b Sylvie$01232977 701 $aLe Béguec$b Gilles$0167116 701 $aThomas$b Jean-Paul$0375897 701 $aTricaud$b Sabrina$01283606 801 0$bFR-FrMaCLE 906 $aBOOK 912 $a9910330347903321 996 $aLe moment PRL$93032602 997 $aUNINA